000 00710nam a2200169Ia 4500
008 220216s9999 xx 000 0 und d
100 _aJoseph K
245 0 _aNon target effects of fungicides on antagonistic bacterial isolates from a rubber plantation
260 _bIPS-MEZ Annual Meeting & National Symposium on Advances in Microbial Diversity and Disease Management for Sustainable Crop Production, 13-15 October 2008, College of Forestry and Hill Agriculture, Ranichauri, Uttarakhand: Souvenir and Abstracts. pp. 174.
650 _aAntagonistic bacterial isolates
650 _aFungicides
700 _aAbraham A
700 _aFarha A K
700 _aJacob C K
700 _aPhilip S
942 _cBS
999 _c50691
_d50691